000 00458nam a22001577a 4500
005 20140310183647.0
008 140109b xxu||||| |||| 00| 0 eng d
020 _a0521000513
050 _aPE 1128
_b.L932 2002
100 _aLucantoni, Peter
245 _aIGCSE English as a second language /
_cPeter Lucantoni
260 _aU.K :
_bCambridge University Press,
_c2002.
300 _a184 p. :
_bcol. ill. ;
_c24 cm.
942 _2lcc
_cBK
_kFOR
999 _c25959
_d25959